LEADER 03209nam 2200661Ia 450 001 9910462009903321 005 20211202212725.0 010 $a3-11-088451-8 024 7 $a10.1515/9783110884517 035 $a(CKB)2670000000251042 035 $a(EBL)3042031 035 $a(SSID)ssj0000559743 035 $a(PQKBManifestationID)11344684 035 $a(PQKBTitleCode)TC0000559743 035 $a(PQKBWorkID)10569618 035 $a(PQKB)10419396 035 $a(MiAaPQ)EBC3042031 035 $a(WaSeSS)Ind00013053 035 $a(DE-B1597)40570 035 $a(OCoLC)979635750 035 $a(DE-B1597)9783110884517 035 $a(Au-PeEL)EBL3042031 035 $a(CaPaEBR)ebr10597962 035 $a(OCoLC)922945010 035 $a(EXLCZ)992670000000251042 100 $a19950515d1995 uy 0 101 0 $aeng 135 $aurnn#---|u||u 181 $ctxt 182 $cc 183 $acr 200 10$aExperts in organizations$b[electronic resource] $ea knowledge-based perspective on organizational change /$fArmand Hatchuel and Benoi?t Weil ; translated by Liz Libbrecht 205 $aReprint 2011 210 $aBerlin ;$aNew York $cWalter de Gruyter$d1995 215 $a1 online resource (236 p.) 225 0 $ade Gruyter Studies in Organization ;$v63 300 $aDescription based upon print version of record. 311 0 $a3-11-014119-1 320 $aIncludes bibliographical references (p. [219]-222). 327 $tFront matter --$tContents --$tAcknowledgements --$tIntroduction --$tPart 1 --$tChapter 1: Exploring expertise - Objectives and materials of a study --$tChapter 2: Artisan, repairer, strategist - Different facets of expertise --$tChapter 3: Life of Expertise and Metamorphosis of actors - Birth, crises and development of expert systems --$tChapter 4: The nature of management techniques - Dynamics and unexpected repercussions of rationalization --$tChapter 5: Hidden crises of industrial expertise - Practical and cultural stakes in expert systems --$tChapter 6: Conclusion --$tPart 2: Four case histories of expert systems --$tIntroduction --$tChapter 1: TOTEM - The reconstruction of production planners' expertise --$tChapter 2: Cornélius - Fragmented expertise of maintenance specialists --$tChapter 3: GESPI - Discovery of station traffic planners' expertise --$tChapter 4: Naval - Undefinable expertise of strategic planners --$tBibliography 410 3$ade Gruyter Studies in Organization 606 $aExpert systems (Computer science)$xIndustrial applications 606 $aProduction engineering$xAutomation 606 $aExpert systems (Computer science)$xIndustrial applications$vCase studies 608 $aElectronic books. 615 0$aExpert systems (Computer science)$xIndustrial applications. 615 0$aProduction engineering$xAutomation. 615 0$aExpert systems (Computer science)$xIndustrial applications 676 $a658.5/14 700 $aHatchuel$b Armand$0253393 701 $aWeil$b Benoi?t$01049778 801 0$bMiAaPQ 801 1$bMiAaPQ 801 2$bMiAaPQ 906 $aBOOK 912 $a9910462009903321 996 $aExperts in organizations$92479093 997 $aUNINA LEADER 01473nam 2200493 450 001 9910830275703321 005 20230809233525.0 010 $a1-119-31473-9 010 $a1-119-31474-7 010 $a1-119-31476-3 035 $a(CKB)4330000000010191 035 $a(MiAaPQ)EBC4983699 035 $a(OCoLC)987437346 035 $a(EXLCZ)994330000000010191 100 $a20170918h20172017 uy 0 101 0 $aeng 135 $aurcnu|||||||| 181 $2rdacontent 182 $2rdamedia 183 $2rdacarrier 200 13$aAn introduction to proof through real analysis /$fDaniel J. Madden and Jason A. Aubrey 210 1$aHoboken, New Jersey :$cWiley,$d2017. 210 4$d©2017 215 $a1 online resource (418 pages) $cillustrations, graphs 300 $aIncludes index. 311 $a1-119-31472-0 606 $aProof theory$vTextbooks 606 $aFunctions of real variables$vTextbooks 606 $aNumbers, Real$vTextbooks 606 $aMathematical analysis$vTextbooks 615 0$aProof theory 615 0$aFunctions of real variables 615 0$aNumbers, Real 615 0$aMathematical analysis 676 $a511.36 700 $aMadden$b Daniel J.$f1948-$01652387 702 $aAubrey$b Jason A.$f1975- 801 0$bMiAaPQ 801 1$bMiAaPQ 801 2$bMiAaPQ 906 $aBOOK 912 $a9910830275703321 996 $aAn introduction to proof through real analysis$94003003 997 $aUNINA